Statistics for Ancient History by Letter 'C'

Click here to take the quiz!

General Stats

  • This quiz has been taken 887 times
    (826 since last reset)
  • The average score is 12 of 20

Answer Stats

Hint Answer % Correct
Last Pharaoh of Egypt, she was bit by an aspCleopatra
98%
Capitol of the Byzantine Empire, modern day IstanbulConstantinople
93%
Roman "dictator for life" who overthrew the weak senateJulius Caesar
92%
Rome fought against this Tunisian city-state during the Punic WarsCarthage
84%
Icarus and his father tried to escape this Greek islandCrete
79%
Flavian Amphitheater where the gladiators foughtThe Colosseum
76%
Chinese philosopher who focused on treating others with fairnessConfucius
76%
In this Indian social system, traits are determined by birthCaste System
74%
First assassinated Roman Emperor his name means "little boots"Caligula
71%
Three-headed dog that guards the gates of the UnderworldCerberus
70%
Ancient Chinese writing art with over 30,000 charactersCalligraphy
57%
Greek order of architecture, the most detailed of the columnsCorinthian
56%
Ancient Sumerian form of writing that uses clay tabletsCuneiform
52%
Roman orator, he was killed by the Second TriumvirateCicero
49%
He discovered King Tutankhamun's tomb in 1922Howard Carter
46%
Roman Goddess of agriculture and seasonsCeres
43%
The highest position in the Roman governmentConsul
41%
He founded the Persian Empire and returned the Jews to JerusalemCyrus the Great
38%
He defeated Spartacus and was part of the First TriumvirateCrassus
33%
These jars contained the organs of the mummiesCanopic jars
23%

Score Distribution

Percentile by Number Answered

Percent of People with Each Score

Your Score History

You have not taken this quiz since the last reset